<?xml version="1.0" encoding="UTF-8"?><?xml-stylesheet type="text/xsl" href="static/style.xsl"?><OAI-PMH xmlns="http://www.openarchives.org/OAI/2.0/" xmlns:xsi="http://www.w3.org/2001/XMLSchema-instance" xsi:schemaLocation="http://www.openarchives.org/OAI/2.0/ http://www.openarchives.org/OAI/2.0/OAI-PMH.xsd"><responseDate>2026-04-17T07:57:51Z</responseDate><request verb="GetRecord" identifier="oai:www.recercat.cat:2117/445205" metadataPrefix="marc">https://recercat.cat/oai/request</request><GetRecord><record><header><identifier>oai:recercat.cat:2117/445205</identifier><datestamp>2025-11-08T05:40:29Z</datestamp><setSpec>com_2072_1033</setSpec><setSpec>col_2072_452951</setSpec></header><metadata><record xmlns="http://www.loc.gov/MARC21/slim" xmlns:dcterms="http://purl.org/dc/terms/" xmlns:xsi="http://www.w3.org/2001/XMLSchema-instance" xmlns:doc="http://www.lyncode.com/xoai" xsi:schemaLocation="http://www.loc.gov/MARC21/slim http://www.loc.gov/standards/marcxml/schema/MARC21slim.xsd">
   <leader>00925njm 22002777a 4500</leader>
   <datafield ind2=" " ind1=" " tag="042">
      <subfield code="a">dc</subfield>
   </datafield>
   <datafield ind2=" " ind1=" " tag="720">
      <subfield code="a">Barrés Lobato, Víctor</subfield>
      <subfield code="e">author</subfield>
   </datafield>
   <datafield ind2=" " ind1=" " tag="260">
      <subfield code="c">2025</subfield>
   </datafield>
   <datafield ind2=" " ind1=" " tag="520">
      <subfield code="a">This thesis explores how Lean Startup principles can support the rapid filtering and early validation of entrepreneurial ideas in uncertain contexts. While the empirical focus is placed on digital financial education for young professionals, the broader objective is to assess whether a structured, hypothesis-driven methodology can support informed decision-making in the early stages of venture design, reducing the risk of pursuing misaligned or unviable solutions. The methodology follows a theoretical and iterative process grounded in the Lean Startup framework, including tools such as the Market Opportunity Navigator and Business Model Canvas. Four core hypotheses were defined and tested, revealing consistent behavioural patterns of confusion, avoidance and low engagement with existing solutions. Based on these findings, the thesis develops a validated business model and a conceptual Minimum Viable Product. The results suggest that Lean Startup can serve as a reliable methodological foundation for early-stage ventures operating in emotionally complex domains such as personal finance. The study also contributes to the academic discourse by integrating user insights with structured experimentation, while maintaining theoretical rigour. Although no functional product was developed, the thesis sets a solid empirical and conceptual basis for future implementation. Ultimately, it proposes a trajectory in which financial education becomes more adaptive, emotionally intelligent and rooted in users’ everyday decision-making processes.</subfield>
   </datafield>
   <datafield ind2=" " ind1=" " tag="520">
      <subfield code="a">Outgoing</subfield>
   </datafield>
   <datafield ind1="8" ind2=" " tag="024">
      <subfield code="a">http://hdl.handle.net/2117/445205</subfield>
   </datafield>
   <datafield tag="653" ind2=" " ind1=" ">
      <subfield code="a">Àrees temàtiques de la UPC::Economia i organització d'empreses</subfield>
   </datafield>
   <datafield tag="653" ind2=" " ind1=" ">
      <subfield code="a">Finance</subfield>
   </datafield>
   <datafield tag="653" ind2=" " ind1=" ">
      <subfield code="a">Entrepreneurship</subfield>
   </datafield>
   <datafield tag="653" ind2=" " ind1=" ">
      <subfield code="a">Lean Startup, Early-stage venture design, Entrepreneurial experimentation, Digital financial education, Financial decision-making</subfield>
   </datafield>
   <datafield tag="653" ind2=" " ind1=" ">
      <subfield code="a">Finances</subfield>
   </datafield>
   <datafield tag="653" ind2=" " ind1=" ">
      <subfield code="a">Emprenedoria</subfield>
   </datafield>
   <datafield ind2="0" ind1="0" tag="245">
      <subfield code="a">From hypothesis to value: a lean approach to financial education</subfield>
   </datafield>
</record></metadata></record></GetRecord></OAI-PMH>